The varieties of religious experience : (Record no. 25220)
[ view plain ]
| 000 -LEADER | |
|---|---|
| fixed length control field | 00763nam a2200253Ia 4500 |
| 008 - FIXED-LENGTH DATA ELEMENTS--GENERAL INFORMATION | |
| fixed length control field | 210303s9999 xx 000 0 und d |
| 016 ## - NATIONAL BIBLIOGRAPHIC AGENCY CONTROL NUMBER | |
| Source | reto2022b |
| 040 ## - CATALOGING SOURCE | |
| Original cataloging agency | NLN |
| Language of cataloging | English |
| 100 ## - MAIN ENTRY--AUTHOR | |
| Author | JAMES, William |
| Dates associated with a name | 1842-1910 |
| Relator term | aut |
| 245 #4 - TITLE STATEMENT | |
| Title | The varieties of religious experience : |
| Remainder of title | a study in human nature / |
| Statement of responsibility, etc | William James |
| 260 ## - PUBLICATION, DISTRIBUTION, ETC. (IMPRINT) | |
| Place of publication | London : |
| Name of publisher | Longmans Green, |
| Date of publication | 1952 |
| 300 ## - COLLATION | |
| Pagination | xiii, 526p. |
| Other physical details | ; 24cm. |
| 500 ## - GENERAL NOTE | |
| General note | Bibliographical footnotes |
| 563 ## - BINDING INFORMATION | |
| Binding note | (pbk) |
| 650 ## - TRACINGS | |
| Main Subject | Conversion |
| 650 ## - TRACINGS | |
| Main Subject | Philosophy and religion |
| 650 ## - TRACINGS | |
| Main Subject | Psychology, Religious |
| 650 ## - TRACINGS | |
| Main Subject | Religion |
| 700 ## - ADDITIONAL AUTHOR | |
| Additional Author | <a href=" Ratner, Joseph"> Ratner, Joseph</a> |
| Relator term | ctb |
| 942 ## - ADDED ENTRY ELEMENTS (KOHA) | |
| Item type | Books |
| 050 ## - LIBRARY OF CONGRESS CALL NUMBER | |
| Classification number | BR110 |
| Item number | .J3 |
| 082 ## - DEWEY DECIMAL CLASSIFICATION NUMBER | |
| Classification number | 204.24 |
| Withdrawn status | Lost status | Source of classification or shelving scheme | Damaged status | Not for loan | Home library | Current library | Date acquired | Total Checkouts | Full call number | Barcode. | Date last seen | Price effective from | Koha item type |
|---|---|---|---|---|---|---|---|---|---|---|---|---|---|
| Library of Congress Classification | LAGOS BRANCH | National Library of Nigeria | 04/03/2021 | BR110 .J3 | 2025-452519 | 04/03/2021 | 04/03/2021 | Books |
